[Event "Sautron op 18th"]
[Site "Sautron "]
[Date "2018.10.20"]
[Round "5.1"]
[White "Rausis, Igors"]
[Black "Gascon del Nogal, Jose Rafael"]
[Result "1-0"]
[WhiteElo "2651"]
[BlackElo "2471"]
[Annotator "Primel,D"]
[PlyCount "109"]
[EventDate "2018.10.20"]
[EventType "swiss"]
[EventRounds "9"]
[EventCountry "FRA"]
[SourceTitle "EXT 2021"]
[Source "ChessBase"]
[SourceDate "2020.10.23"]
[SourceVersion "1"]
[SourceVersionDate "2020.10.23"]
[SourceQuality "1"]
[TimeControl "40/5400+30:1800+30"]
[WhiteClock "0:25:59"]
[BlackClock "0:03:49"]

1. d4 {[%emt 0:00:00]} Nf6 {[%emt 0:00:00]} 2. c4 {[%emt 0:00:00]} e6 {[%emt 0:
00:00]} 3. Nf3 {[%emt 0:00:59]} d5 {[%emt 0:00:00]} 4. g3 {[%emt 0:01:20]} Bb4+
{[%emt 0:00:00]} 5. Nc3 {[%emt 0:00:14] Une partie commençant par une
Catalane mais qui transpose dans la variante Romanishin de la Nimzo-Indienne}
O-O {[%emt 0:02:20]} 6. Bg2 {[%emt 0:00:21]} dxc4 $1 {[%emt 0:01:42] Par
rapport à une Catalane classique, le développement précoce du Nc3 rend la
récupération du P"c4" plus difficile} 7. O-O {[%emt 0:00:21]} c5 {[%emt 0:03:
52]} (7... Nc6 8. a3 (8. Qa4 Nd5 9. Qc2 Be7 10. Rd1 Nb6 11. e4 $13 {Fridman,D 
(2636)-Zherebukh,Y (2633) St Louis Summer-A 2018 (3) 1/2}) 8... Be7 9. e4 Na5 {
[%cal Ga5c4,Ga5b3]} (9... a6 10. Bf4 $44 {Ivanisevic,I (2602)-Perunovic,M 
(2547) SRB-ch Vrsac 2007 (3) 1/2}) 10. Be3 Nb3 11. Rb1 c5 $132 {Gareyev,T 
(2653)-Onischuk,A (2668) USA-ch Saint Louis 2014 (7) 1/2}) 8. dxc5 {[%emt 0:04:
44]} Qa5 {[%emt 0:06:58]} (8... Bxc5 9. Bg5 Nc6 10. Qa4 h6 11. Rad1 Qe7 12.
Bxf6 Qxf6 13. Qxc4 Bb4 14. Nd4 Bxc3 15. Qxc3 Bd7 16. Nxc6 Bxc6 17. Qxf6 gxf6
18. Bxc6 bxc6 19. Rd6 Rfb8 20. Rb1 Rb6 21. b3 c5 22. Rbd1 Rc8 23. Rd8+ Rxd8 24.
Rxd8+ Kg7 25. Rd2 a5 26. Rc2 a4 27. bxa4 Rb4 28. Rxc5 Rxa4 29. Rc2 f5 30. Kf1
f4 31. Ke1 fxg3 32. hxg3 Kf6 33. Kd2 h5 34. Kc3 h4 35. gxh4 Rxh4 36. a3 Ke5 37.
Ra2 Rf4 38. e3 {Bacrot,E (2710)-Shirov,A (2742) Odessa 2010 1-0 (65)}) 9. Qd4 {
[%emt 0:02:04]} Nc6 {[%emt 0:16:09]} (9... Bxc5 10. Qxc4 Nc6 11. Bd2 Be7 12.
Nb5 (12. e4 $5 Rd8 13. Rfd1 $14) 12... Qb6 {Delorme,A (2483)-Rizouk,A (2524)
Catalunya-chT GpA final 2015 (11.1) 1-0}) 10. Qxc4 {[%emt 0:01:07]} Qxc5 {
[%emt 0:00:13]} 11. Qxc5 {[%emt 0:00:19]} Bxc5 {[%emt 0:00:04]} 12. Bf4 {
[%emt 0:01:25]} Bd7 {[%emt 0:16:15]} 13. Rac1 {[%emt 0:17:25] Le Top GMI a
joué assez lentement l'ouverture et on connait maintenant l'histoire du
scandale de Strasbourg. J'ai néanmoins l'impression que cette partie est
"propre".En effet, il n'obtient pas grand-chose dans l'ouverture et dans la
phase suivante du millieu de jeu où il y a une passe tactique, il a joué
vite et donc sans se rendre aux toilettes pour tricher.  C'est l'intérêt de
sauvegarder le temps de réflexion} Rac8 {[%emt 0:02:00]} 14. Nb5 {[%emt 0:08:
55]} Be7 $146 {[%emt 0:09:05]} (14... e5 15. Rxc5 exf4 16. Nd6 b6 17. Rcc1 Rcd8
18. gxf4 Nb4 19. a3 Nbd5 20. e3 Ba4 21. Nf5 g6 22. N5d4 Kg7 23. b3 Bd7 24. Ne5
Rfe8 25. Rfd1 h6 26. Rc2 Ng4 27. Bxd5 {1-0 (27) Gleizerov,E (2485)-Enhbat,P 
(2300) Cheliabinsk 1991}) 15. Rfd1 $32 {[%emt 0:03:36][%csl Rd7] Les Blancs
ont une petite avance de développement et une position plus facile à jouer}
e5 $5 {[%emt 0:03:32]} 16. Nxe5 {[%emt 0:11:24]} Nxe5 {[%emt 0:00:06]} 17. Rxc8
{[%emt 0:00:22]} Rxc8 {[%emt 0:02:08]} 18. Nxa7 {[%emt 0:00:26]} Rc5 $1 {
[%emt 0:03:55][%csl Ra7][%cal Ge7d8,Gd8b6,Gb6a7] Essaye d'enfermer le Na7} 19.
b4 $1 {[%emt 0:00:30]} Ba4 {[%emt 0:00:37]} 20. bxc5 {[%emt 0:04:29]} Bxd1 {
[%emt 0:01:47]} 21. Bxe5 {[%emt 0:02:19]} Bxc5 {[%emt 0:00:05]} 22. Nc8 {
[%emt 0:02:06]} Ng4 $1 {[%emt 0:04:24][%cal Gg4e5,Gg4f2]} (22... Bxe2) 23. Bd6
$1 {[%emt 0:01:06] A part le 16ème coup ou le temps de réflexion dépasse 10
mns, tous les coups suivants sont joués rapidement malgré les complications
tactiques} Bxf2+ {[%emt 0:00:13]} 24. Kf1 {[%emt 0:00:50]} Bd4 {[%emt 0:00:50]}
25. Ne7+ $1 {[%emt 0:00:35] Forçant le K à s'éloigner du centre et dans la
finale, c'est un facteur important.} Kh8 {[%emt 0:00:33][%csl Rh8]} 26. Nf5 {
[%emt 0:00:29]} Bc3 {[%emt 0:06:20]} 27. h3 {[%emt 0:00:30]} Ne5 {[%emt 0:01:
05]} 28. Bxb7 {[%emt 0:00:50][%csl Ga2,Rh8] Les Blancs ont une bonne finale
avec le P passé protégé} Nc4 {[%emt 0:00:25]} (28... g6 {[%cal Gh8g7]} 29.
Ne3 $16 {[%cal Ge3d1]}) 29. Bc5 {[%emt 0:12:30]} Nd2+ {[%emt 0:04:13]} 30. Kf2
{[%emt 0:01:50][%csl Gf2,Rh8] La différence d'activité des K donne des
bonnes chances de gain aux Blancs} Bc2 {[%emt 0:03:28]} 31. Nd6 {[%emt 0:02:41]
} f5 {[%emt 0:00:16]} 32. Bd5 {[%emt 0:01:04]} h5 {[%emt 0:02:03]} 33. a3 {
[%emt 0:05:06]} Bb2 {[%emt 0:04:51]} (33... Kh7 $6 {Les Noirs n'ont pas le
temps car Bb4 force l'échange des B} 34. Bb4 $1 {[%csl Rc3,Rd2][%cal Gb4d2]}
Bxb4 (34... Nb1 35. Ba2) 35. axb4 Ba4 36. b5 $40) 34. Bb4 {[%emt 0:09:53]} Nb1
{[%emt 0:02:03]} 35. Nb5 {[%emt 0:02:36]} Ba4 {[%emt 0:01:10]} 36. Ba2 {
[%emt 0:00:08]} Bxb5 {[%emt 0:04:03]} 37. Bxb1 {[%emt 0:00:02]} g6 {[%emt 0:00:
16]} 38. Bc2 $1 {[%emt 0:00:39][%cal Ga3a4]} Bd4+ {[%emt 0:00:05]} 39. e3 {
[%emt 0:00:17]} Be5 {[%emt 0:00:06]} 40. a4 $36 {[%emt 0:00:00][%csl Ga4]
Gagnant un tempo important} Ba6 {[%emt 0:00:00]} 41. Bd1 {[%emt 0:08:36][%cal
Gd1e2]} Kg7 {[%emt 0:02:47]} 42. a5 {[%emt 0:05:01]} Kf6 {[%emt 0:01:28]} 43.
Bc5 {[%emt 0:08:15]} (43. Be2 Bxe2 44. Kxe2 Bxg3 45. a6 Bb8 46. Bc5 Ke6 47. a7
$18) 43... Ke6 {[%emt 0:01:51]} 44. Bb3+ {[%emt 0:00:55]} Kf6 {[%emt 0:01:59]}
45. Bd4 $1 {[%emt 0:07:55][%cal Gd4f6]} (45. Kf3) 45... h4 {[%emt 0:01:03] Une
dernière tentative} 46. gxh4 {[%emt 0:01:59]} f4 {[%emt 0:00:09]} 47. Bxe5+ {
[%emt 0:00:55]} Kxe5 {[%emt 0:00:01]} 48. exf4+ {[%emt 0:00:15]} Kxf4 {[%emt 0:
01:07]} 49. Bc2 $18 {[%emt 0:00:13]} g5 {[%emt 0:00:13]} 50. h5 {[%emt 0:00:41]
} Ke5 {[%emt 0:00:06]} 51. h6 {[%emt 0:00:38]} Kf6 {[%emt 0:00:04]} 52. Bf5 {
[%emt 0:02:06]} Bc4 {[%emt 0:02:13]} 53. Kg3 {[%emt 0:00:15]} Ba6 {[%emt 0:00:
39]} 54. h7 {[%emt 0:00:19]} Kg7 {[%emt 0:00:09]} 55. Kg4 {[%emt 0:00:06]} 1-0

[Event "Donner Memorial"]
[Site "Amsterdam"]
[Date "1996.08.25"]
[Round "8"]
[White "Van Wely, Loek"]
[Black "Morozevich, Alexander"]
[Result "0-1"]
[WhiteElo "2605"]
[BlackElo "2610"]
[Annotator "Psakhis,L"]
[PlyCount "56"]
[EventDate "1996.08.17"]
[EventType "tourn"]
[EventRounds "11"]
[EventCountry "NED"]
[EventCategory "16"]
[SourceTitle "CBM 055"]
[Source "ChessBase"]
[SourceDate "1996.12.01"]
[SourceVersion "1"]
[SourceVersionDate "1996.12.01"]
[SourceQuality "1"]

1. d4 {Dautov HarZvi} Nf6 2. c4 e6 3. Nc3 Bb4 4. g3 c5 5. Nf3 Nc6 6. d5 (6. Bg2
{HarZvi Survey ;CBM 55}) 6... Na5 (6... Bxc3+ 7. bxc3 Na5 8. Nd2 b6 9. e4 (9.
Qc2 $5) 9... O-O 10. Be2 exd5 11. cxd5 Re8 {Sergeev,V-Anastasian,A/Groningen
op/1993/0:1/25/} 12. f3 Qe7 13. Nb3 $13) 7. Nd2 (7. Qd3 {>=} b5 8. dxe6 fxe6 9.
cxb5 a6 $44) 7... b6 $146 (7... O-O 8. Bg2 Bxc3 9. bxc3 d6 10. O-O b6 $5 11.
dxe6 Bxe6 12. Bxa8 Qxa8 13. f3 Nxc4 14. Nxc4 Bxc4 $44 {Gulko,B-Kuzmin,G/
Tashkent(URS-sf)/1984/0-1/46/}) (7... d6 8. Qc2 exd5 9. Nxd5 Nxd5 10. cxd5 O-O
11. a3 Bxd2+ 12. Bxd2 c4 13. Rd1 b5 14. Bg2 $14 {Panchenko,A-Barsov,A/Bern op/
1994/1:0/34/} (14. Bg2 {HarZvi} Nb3 15. Bf4 Bg4 $13 {/=/+ Panchenko,AG-Barsov,
A Bern op 1994} (15... Bg4 16. h3 Bh5 17. g4 Bg6 18. Qc3 Re8 $15 {Panchenko,
AG-Barsov/Bern op/1994}))) (7... Bxc3 $5 8. bxc3 b6 9. e4 O-O 10. Be2 exd5 11.
cxd5 Re8 12. O-O (12. f3 Nxd5 13. exd5 Ba6 14. Ne4 Bxe2 15. Qxe2 f5 $36) 12...
Nxe4 13. Nxe4 Rxe4 $17 {Sergeev-Anastasian/Groningen op/1993}) 8. Qc2 O-O 9.
Bg2 Bxc3 10. Qxc3 (10. bxc3 d6 $5) 10... exd5 11. cxd5 Re8 12. b3 (12. Qd3 $5
Bb7 (12... c4 {Dautov} 13. Qd4 Ba6 14. e4 Nb7 $36) 13. O-O Qe7 14. e4 $14)
12... Ba6 13. Bf3 (13. e3 $5) (13. e3 {Dautov} Ng4 $1 (13... d6 14. Bb2 $14)
14. Bb2 (14. Nf3 Qf6 $36 {/\} 15. Bb2 $2 Qxc3+ 16. Bxc3 Nxe3 $1 $17) 14... Ne5
15. Be4 Qf6 16. Rc1 Bd3 (16... Nb7 $5 {/\Nd6}) 17. Bxd3 Nxd3+ 18. Qxd3 Qxb2 $10
) 13... d6 14. Bb2 Re7 $1 (14... Qd7 15. Ne4 $1) 15. a4 {this move gives black
exactly the time he needs to create strong initiative after 15.Ne4 black would
have to go back playing Ne8} (15. g4 Qf8 $1 (15... Re5 16. Qc2 Re8 17. g5 Nd7
18. h4 $36) 16. g5 Nd7 17. Ne4 Rae8 $1 18. Qc2 (18. Nxd6 $2 Rxe2+ 19. Bxe2
Rxe2+ 20. Kd1 Rxb2 21. Qxb2 Qxd6 $19) 18... Ne5 19. Bg2 Ng6 $36) (15. Ne4 Ne8)
(15. Ne4 {HarZvi}) (15. Nc4 {HarZvi} Nxc4 16. bxc4 b5 17. O-O $1 bxc4 18. e4
$13 (18. e4 {Dautov} Rb8 19. Rfe1 $44)) 15... Qf8 16. Nc4 (16. e3 Nd7 17. Qc2
$5 (17. O-O-O Ne5 18. Be4 Ng4 $1) 17... Ne5 18. Be4 h6 $13) 16... Ne4 17. Qc2 (
17. Bxe4 Rxe4 18. f3 Re7 (18... Rxc4 $5 19. bxc4 Nxc4 $44) 19. e4 Nxc4 20. bxc4
f5 21. O-O fxe4 22. fxe4 Qe8 $15) 17... Rae8 18. e3 (18. Nxa5 Ng5 $1 19. O-O-O
bxa5 (19... Bxe2 20. Bxe2 Rxe2 21. Qf5) 20. Rd2 c4 $40) (18. O-O {HarZvi} Ng5)
18... f5 {in few moves black got a very nice position with some pressure,as we
will see he made very good things with his position} (18... Nxc4 19. bxc4 Bc8
20. O-O Bf5 $10) 19. O-O (19. Bh5 $5 Nxc4 (19... g6 20. Nxa5 bxa5 21. Bf3 Ng5
22. Bg2 Rb7 23. Qc3 Nf7 $13) 20. bxc4 g6 21. Bf3 Ng5 22. Bg2 f4 $132) 19... Qf7
20. Rad1 (20. Rfd1 Nxc4 21. bxc4 Ng5 22. Bg2 (22. Be2 f4 $1 23. gxf4 Nh3+ 24.
Kf1 Nxf4 $1) 22... Re4 $1 23. Bxe4 (23. Bf1 Nf3+ 24. Kg2 Qh5 25. Bd3 (25. Be2
$2 Qxh2+ 26. Kxf3 g5 $1 27. Bd3 Rxe3+ $1 28. fxe3 g4+ 29. Kf4 Qh6+ 30. Kxf5
Bc8# $1) (25. h3 Ng5 26. h4 (26. Kh2 Rxc4) 26... Rxh4 $1 27. gxh4 Qg4+ 28. Kh1
Nf3 $19) 25... Ng5 26. Bxe4 Rxe4 $17 (26... fxe4 $5)) 23... fxe4 $40) (20. Rfd1
{HarZvi}) (20. Bxe4 $5 {Dautov} Bxc4 (20... Nxc4 $2 21. Bd3 $16) 21. Bxf5 Bxf1
22. Bxh7+ Kh8 23. Rxf1 Qxd5 24. Bg6 Rf8 (24... Qxb3 25. Qf5 $40) 25. Rd1 $44)
20... Qg6 {for a few moves white does not feel the danger but now it became
very close, and still white playes a very "positional" move but after it there
are no more chances} (20... Ng5 $5) 21. Rfe1 (21. Bg2) (21. Bg2 $142 $10) 21...
Nxc4 22. bxc4 f4 $1 {/\Ng5} 23. Kg2 (23. Bg2 $8 f3 $1 24. Bf1 (24. Bxf3 Ng5 $1
(24... Ng5 25. Qe2 Bxc4 $19)) 24... Bc8 $17 {->}) (23. exf4 $2 Ng5 $1 24. Rxe7
(24. Qxg6 Nxf3+ 25. Kg2 Nxe1+ 26. Rxe1 hxg6 $19) 24... Nxf3+ 25. Kg2 Nh4+ 26.
Kh1 Rxe7 $19) 23... Bc8 $1 $19 {a fantastic move,the bishop has nothing to do
on the a6-f1 diagonal but on the c8-h3 he is deciding the game! /\Bh3} 24. Qe2
(24. Qd3 Bf5 25. Qe2 Ng5 26. Bg4 f3+ $1 27. Bxf3 Nxf3 $19) (24. Qc1 Ng5 25.
exf4 Bh3+ 26. Kh1 Nxf3 $19) (24. exf4 Bh3+ $1 25. Kg1 (25. Kxh3 {HarZvi} Ng5+)
25... Ng5 $19) (24. Bxe4 Rxe4 $19 {->}) 24... Ng5 $1 {blacks play is so simple
thanks to white of courese which let him do what ever he wanted} 25. Bh5 {
loses immediately but there are no chances} (25. h4 Nxf3 26. Qxf3 Bg4 27. Qxf4
Rf7 (27... Bxd1 {HarZvi} 28. Rxd1 Rf7 29. Qg5 Qc2 $19) 28. Qg5 Qc2 $19) 25...
f3+ $1 26. Bxf3 (26. Qxf3 Nxf3 27. Bxg6 Nxe1+) 26... Nxf3 27. Qxf3 Bg4 28. Qf4
Re4 0-1

[Event "POL-chT 66th"]
[Site "Katowice"]
[Date "2010.09.05"]
[Round "2"]
[White "Miton, Kamil"]
[Black "Balogh, Csaba"]
[Result "1/2-1/2"]
[WhiteElo "2629"]
[BlackElo "2608"]
[Annotator "RR"]
[PlyCount "60"]
[EventDate "2010.09.04"]
[EventType "team-tourn"]
[EventRounds "9"]
[EventCountry "POL"]
[SourceTitle "EXT 2016"]
[Source "ChessBase"]
[SourceDate "2015.10.08"]
[SourceVersion "1"]
[SourceVersionDate "2015.10.08"]
[SourceQuality "1"]
[WhiteTeam "Katowice Szopienice"]
[BlackTeam "Wroclaw Polonia"]
[WhiteTeamCountry "POL"]
[BlackTeamCountry "POL"]

1. d4 Nf6 2. c4 e6 3. Nf3 d5 4. Nc3 Bb4 5. Bg5 h6 6. Bxf6 Qxf6 7. g3 O-O 8. Bg2
dxc4 9. O-O Nc6 10. e3 Rb8 11. Ne4 (11. Nd2 Na5 12. Qc2 Qe7 13. a3 Bxc3 14.
Qxc3 b6 15. Nxc4 Nxc4 16. Qxc4 c5 17. Rac1 cxd4 18. Qxd4 Bb7 19. Bxb7 Qxb7 20.
Rfd1 Rbc8 21. h4 {1/2-1/2 (21) Sokolov,I (2677)-Van Wely,L (2691) Wolvega 2012}
) 11... Qe7 12. a3 Bd6 13. Nfd2 b5 14. a4 (14. Nxd6 Qxd6 15. Ne4 Qe7 16. Nc5
Ne5 17. a4 Nd7 18. Nxd7 Bxd7 19. axb5 Bxb5 20. Rxa7 c3 21. Re1 cxb2 22. Qc2 Qb4
23. Rb1 Bc4 24. Ra4 Qxa4 25. Qxa4 Bd3 26. Qd1 Bxb1 27. Qxb1 Rb3 28. Be4 Rfb8
29. Qa2 b1=Q+ 30. Bxb1 Rxb1+ 31. Kg2 c5 32. dxc5 Rc1 33. h4 Rxc5 34. Qa7 Rbc8
35. Qd7 h5 36. f4 g6 37. Kf3 R5c7 38. Qd6 Rc3 39. Qd7 Rb8 40. Qd6 Rbb3 41. Qd8+
Kg7 42. Qd4+ Kh7 43. Qf6 Rxe3+ {Li,D (2172)-Ni,H (2654) China 2014 0-1}) 14...
a6 15. axb5 axb5 16. b3 cxb3 17. Nxd6 Qxd6 18. Qxb3 Bb7 $1 19. Ne4 (19. Qxb5
Nxd4 $1 {[%cal Gb8b5]}) 19... Qb4 20. Rfb1 Qxb3 21. Rxb3 Ne7 22. Rxb5 Bxe4 23.
Rxb8 Rxb8 24. Bxe4 f5 25. Bf3 Kf7 26. Rc1 c6 27. Rc2 Rb6 28. Kg2 Kf6 29. Rc5
Nd5 30. Bxd5 cxd5 1/2-1/2

[Event "URS-chT Cup 11th"]
[Site "Rostov on Don"]
[Date "1980.05.??"]
[Round "3"]
[White "Osnos, Viatcheslav"]
[Black "Kochyev, Alexander"]
[Result "0-1"]
[WhiteElo "2470"]
[BlackElo "2535"]
[Annotator "RR"]
[PlyCount "78"]
[EventDate "1980.05.23"]
[EventType "team-tourn"]
[EventRounds "7"]
[EventCountry "URS"]
[SourceTitle "EXT 2020"]
[Source "ChessBase"]
[SourceDate "2019.10.17"]
[SourceVersion "1"]
[SourceVersionDate "2019.10.17"]
[SourceQuality "1"]
[WhiteTeam "Trud"]
[BlackTeam "Burevestnik"]
[WhiteTeamCountry "URS"]
[BlackTeamCountry "URS"]

1. c4 Nf6 2. Nc3 c5 3. Nf3 e6 4. d4 cxd4 5. Nxd4 Bb4 (5... Nc6 6. a3 $5 {
Baratz,A-Monosson,L Paris Ch 04th 1928 1-0}) 6. g3 {On peut aussi arriver а
cette position avec la variante ROMANISCHIN de la Nimzo-Indienne} O-O 7. Bg2 d5
$1 8. cxd5 (8. Qb3 {[%cal Gb3c3] L'alternative mais les blancs risquent d'être
en retard de développement}) 8... Nxd5 9. Bd2 Bxc3 (9... Nxc3 10. bxc3 Be7 (
10... Bc5 11. Nb3 Be7 $11 {[%csl Rc3]})) 10. bxc3 e5 11. Nc2 Nc6 12. c4 Nb6 13.
Ne3 Be6 $132 14. c5 $6 $146 (14. Rc1 $142 Qd7 15. a4 Bh3 16. a5 Bxg2 17. Nxg2
Nxc4 18. Rxc4 Qd5 19. Qc2 Qxg2 20. Qe4 Qxe4 21. Rxe4 Rfd8 22. Bc3 Rd5 23. Ra4
Rc5 24. Ra3 Nd4 25. Bxd4 Rc1+ 26. Kd2 Rxh1 27. Bxe5 Rxh2 28. Bd4 Rd8 {Alburt,L
(2505)-Kochyev,A (2490)/Leningrad 1977/URS-ch/1/2-1/2 (60)}) 14... Nc4 15. Nxc4
Bxc4 16. Qa4 $6 (16. Bc3) 16... Bd5 $1 $15 17. f3 $6 Nd4 $40 {[%csl Re1]} 18.
Kf2 Bc6 19. Qa5 b6 20. Qc3 Rc8 $32 21. Rac1 Bb5 22. Qb2 Nxe2 $3 (22... Rxc5)
23. Qxb5 Nxc1 24. Bxc1 Rxc5 {les échanges ont limité le nombre de pièces
pouvant défendre le K blanc} 25. Qb1 Qc7 {[%cal Gc5c2]} 26. Re1 Rc2+ 27. Kg1
Qc3 28. Be3 Rxa2 $1 29. f4 Rd8 $1 30. fxe5 Rb2 31. Qc1 Qxc1 (31... Rc2 32. Qa1
{[%cal Ga1e5,Ga1a7]} Qxa1 33. Rxa1 h6 34. Bf1 (34. Rxa7 $2 Re2)) 32. Rxc1 h6
33. Bf3 a5 34. Rc7 a4 35. Ra7 b5 36. Bc5 (36. Bg4 $5 {[%csl Gc8][%cal Ge3c5,
Ge5e6]}) 36... Rc8 37. Be4 $2 {[%csl Rh7]} g6 38. Be3 Re2 39. Bb7 Rd8 0-1

[Event "Bundesliga 1112"]
[Site "Germany"]
[Date "2011.11.19"]
[Round "4.1"]
[White "Spoelman, Wouter"]
[Black "Macieja, Bartlomiej"]
[Result "0-1"]
[WhiteElo "2563"]
[BlackElo "2613"]
[Annotator "RR"]
[PlyCount "74"]
[EventDate "2011.10.14"]
[EventType "team-tourn"]
[EventRounds "15"]
[EventCountry "GER"]
[SourceTitle "CBM 146"]
[Source "ChessBase"]
[SourceDate "2012.01.18"]
[SourceVersion "1"]
[SourceVersionDate "2012.01.18"]
[SourceQuality "1"]
[WhiteTeam "Emsdetten Turm"]
[BlackTeam "Wattenscheid"]
[WhiteTeamCountry "GER"]
[BlackTeamCountry "GER"]

1. d4 Nf6 2. c4 e6 3. Nc3 Bb4 4. f3 Nc6 5. e4 O-O 6. Be3 d5 7. e5 Nd7 8. cxd5
exd5 9. a3 Bxc3+ 10. bxc3 f6 11. f4 fxe5 12. dxe5 Nb6 13. Bd3 Nc4 14. Bc1 Qh4+
15. g3 Qe7 16. Ra2 N6xe5 17. fxe5 Nxe5 18. Ne2 Bg4 19. h3 Nf3+ 20. Kf1 Ne5+ 21.
Ke1 Nf3+ $2 (21... Bf3 22. Rh2 Be4 $19) 22. Kf1 $17 Ne5+ 23. Ke1 Bf3 24. Rf1
Bg2 25. Rxf8+ Rxf8 26. Bf4 g5 27. Kf2 Bxh3 28. Bb1 c6 29. Qh1 Bg4 30. Kg1 gxf4
31. gxf4 Ng6 32. Qg2 Qe3+ 33. Kh2 Bxe2 34. f5 Qf4+ 35. Qg3 Qxg3+ 36. Kxg3 Bc4
37. Rg2 Ne7 0-1

[Event "Hoogovens"]
[Site "Wijk aan Zee"]
[Date "1993.01.??"]
[Round "1"]
[White "Van der Sterren, Paul"]
[Black "Lobron, Eric"]
[Result "0-1"]
[WhiteElo "2490"]
[BlackElo "2620"]
[Annotator "Ribli,Z"]
[PlyCount "62"]
[EventDate "1993.01.??"]
[EventType "k.o."]
[EventRounds "5"]
[EventCountry "NED"]
[SourceTitle "CBM 034"]
[Source "ChessBase"]
[SourceDate "1993.06.01"]
[SourceVersion "1"]
[SourceVersionDate "1993.06.01"]
[SourceQuality "1"]

1. Nf3 Nf6 2. c4 e6 3. Nc3 Bb4 4. g3 Bxc3 5. bxc3 c5 (5... b6 6. d3 Bb7 7. e4
d6 8. Bg2 c5 9. O-O O-O 10. Nh4 Nc6 11. f4 Ne8 12. f5 $36 {Ribli,Z-Razuvaev,Y
Bundesliga 1991/92 54/15}) 6. Bg2 Nc6 7. O-O O-O 8. d4 d6 9. dxc5 $6 (9. Bf4 $1
Nh5 10. Be3 Qe7 11. dxc5 dxc5 12. Nd2 Nf6 13. Nb3 Qc7 14. Bxc5 Rd8 15. Nd4 e5
16. Nb5 $14 {Mihalcishin-Lerner URS 1982}) 9... dxc5 10. Bf4 Qa5 11. Qc2 h6 12.
Rfd1 (12. Ne5 $5) (12. Rab1 $5) 12... Bd7 13. a4 Rfd8 14. h3 Be8 15. Rxd8 Rxd8
16. g4 Qa6 17. Ne5 Nxe5 18. Bxe5 Qxc4 19. Bxf6 gxf6 20. Bxb7 Rb8 21. Bf3 Rb3
$17 22. Qd1 Kg7 $1 23. a5 Rxc3 24. Rb1 a6 25. Kg2 Qd4 26. Qxd4 cxd4 27. Rb6 Bb5
28. Bb7 Bxe2 29. Bxa6 Bf3+ 30. Kh2 d3 31. Rd6 Bd5 0-1